Plant nutrition and crop production /

Bibliographic Details
Main Author: Russell, Edward J. (Edward John), 1872-1965
Format: Book
Language:English
Published: Berkeley, Calif. : University of California Press, 1926.
Series:Hitchcock lectures ; 1924.
Subjects:

MARC

Tag First Indicator Second Indicator Subfields
LEADER 00000cam a2200000 4500
001 in00000028612
005 20151007062747.0
008 760928s1926 cauacfh b 00010 engm
010 |a  27027260  
035 |a (OCoLC)02469389 
035 |9 AAD5737AM 
040 |a DLC  |c GUA  |d GUA  |d CHS  |d TXA  |d UtOrBLW 
049 |a TXAM  |c [26215] 
050 0 0 |a S633  |b .R96 
090 |a S633  |b .R87 1926 
092 |a 631.8  |b R962p 
096 |a S 633 R962p 1926 
100 1 |a Russell, Edward J.  |q (Edward John),  |d 1872-1965. 
245 1 0 |a Plant nutrition and crop production /  |c by E.J. Russell. 
264 1 |a Berkeley, Calif. :  |b University of California Press,  |c 1926. 
300 |a ix, 115 pages :  |b frontispiece, illustrations, plates, 4 portrait on 1 ., facsimiles, diagrams ;  |c 23 cm. 
336 |a text  |b txt  |2 rdacontent 
337 |a unmediated  |b n  |2 rdamedia 
338 |a volume  |b nc  |2 rdacarrier 
490 1 |a Hitchcock lectures ;  |v 1924 
504 |a Includes bibliographical references. 
650 0 |a Fertilizers. 
650 0 |a Plants  |x Nutrition. 
650 0 |a Soils. 
830 0 |a Hitchcock lectures ;  |v 1924. 
999 |a MARS 
999 f f |s 5d0b47fb-b927-340f-b77c-af484cc484d8  |i 0700dac8-be77-3c00-ac42-98cfa0853728  |t 0 
952 f f |p ric  |a Texas A&M University  |b Rellis Campus  |c Joint Library Facility  |d Remote Storage  |t 0  |e S633 .R87 1926  |h Library of Congress classification  |i unmediated -- volume  |m A14820036426 
998 f f |a S633 .R87 1926  |t 0  |l Remote Storage